Canada-- Weird General Knowledge - Statistics

General Stats
  • This quiz has been taken 31 times
  • The average score is 4 of 10
Answer Stats
Question Answer % Correct
Which country had land disputes with Canada until 2022? Denmark
77%
Which province passed the apology act where apologizing does not constitute an admission of guilt? Ontario
62%
What was stolen in 2012 worth 18 million dollars? 3000 tons of maple syrup
42%
Canada holds the title of number 1 consumer of which bakery confection? Donut
42%
Which province has a town with two exclamation marks in its name? Quebec
42%
Where was the world's first UFO landing pad built? St. Paul, Alberta
42%
Which fantasy animal is legally protected by Canada? Sasquatch
35%
What is the Canadian life expectancy? 81 years
19%
In which town of Canada does no one lock their doors? Churchill Manitoba
19%
What is the punishment for people who offend a public space with a repulsive smell? 2 years in prison
12%
No matching quizzes found
Score Distribution
Percent of People with Each Score
Percentile by Number Answered
Your Score History
You have not taken this quiz